| 000 | 00755cam a2200241 i 4500 | ||
|---|---|---|---|
| 999 |
_c1210 _d1210 |
||
| 001 | 12756 | ||
| 003 | BD-DhUAP | ||
| 005 | 20200203163536.0 | ||
| 008 | 200203s2003 ii gb 001 0 eng | ||
| 020 | _a8171180272 | ||
| 040 |
_aBD-DhUAP _bEng _eBD-DhUAP _cBD-DhUAP |
||
| 082 |
_223 _a340.590954 HID |
||
| 100 | _aHidayatullah, M. | ||
| 245 | 1 | 0 |
_aMulla principles of Mahomedan law / _cM. Hidayatullah and Arshad Hidayatullah. |
| 250 | _a19th edition. | ||
| 264 | 1 |
_aGurgaon : _bLexisNexis, _cc2009. |
|
| 300 |
_alii, 346 pages ; _c23 cm |
||
| 504 | _aIncludes bibliographical references and index. | ||
| 650 | 0 |
_aIslamic law _zIndia. |
|
| 700 | _aHidayatullah, Arshad | ||
| 942 |
_2ddc _cBK |
||